000 00520nam a22001817a 4500
003 OSt
008 260606b |||||||| |||| 00| 0 eng d
020 _a9780128117606
082 _a006.312
_bH23D
100 _aHan, Jiawei
245 _aData Mining: Concepts and Techniques/ by Jiawei Han, Jian Pei, Hanghang Tong
260 _aCambridge:
_bElsevier;
_c2023.
300 _axxix, 752 p.
650 _aGeneralities | Knowledge | Data mining
700 _aPei, Jian |
700 _aTong, Hanghang
942 _2ddc
_cBK
999 _c51603
_d51603